Human physiology (Запись № 11043489)
[ простой вид ]
| 000 -МАРКЕР | |
|---|---|
| контрольное поле | 01197nam1a22003131i 4500 |
| 001 - ИДЕНТИФИКАТОР ЗАПИСИ | |
| контрольное поле | RU\INFOCOMM_322\5000057741 |
| 005 - ИДЕНТИФИКАТОР ВЕРСИИ | |
| контрольное поле | 20240726232347.0 |
| 010 ## - МЕЖДУНАРОДНЫЙ СТАНДАРТНЫЙ НОМЕР КНИГИ (ISBN) | |
| Тираж | 6720 экз. |
| 035 ## - ДРУГИЕ СИСТЕМНЫЕ НОМЕРА | |
| Идентификатор записи | (NLR Aleph) 011014914 |
| 100 ## - ДАННЫЕ ОБЩЕЙ ОБРАБОТКИ | |
| Данные общей обработки | 20121113d1982 |||y0rusy50 ba |
| 101 1# - ЯЗЫК РЕСУРСА | |
| Язык текста, звукозаписи и т.д. | английский |
| Язык оригинала | русский |
| 102 ## - СТРАНА ПУБЛИКАЦИИ ИЛИ ПРОИЗВОДСТВА | |
| Страна публикации | Российская Федерация |
| 105 ## - ПОЛЕ КОДИРОВАННЫХ ДАННЫХ: ТЕКСТОВЫЕ МАТЕРИАЛЫ, МОНОГРАФИЧЕСКИЕ | |
| Кодированные данные о монографическом текстовом документе | y z|||| |
| 200 1# - ЗАГЛАВИЕ И СВЕДЕНИЯ ОБ ОТВЕТСТВЕННОСТИ | |
| Основное заглавие | Human physiology |
| Сведения, относящиеся к заглавию | [In 2 vol.] |
| Первые сведения об ответственности | By E. Babsky, B. Khodorov, G. Kositsky, A. Zubkov |
| Последующие сведения об ответственности | Ed. by E. B. Babsky, Member of the Ukr. acad. of sciences |
| 205 ## - СВЕДЕНИЯ ОБ ИЗДАНИИ | |
| Сведения об издании | 4th print. |
| 210 ## - ПУБЛИКАЦИЯ, РАСПРОСТРАНЕНИЕ И ДР. | |
| Место издания, распространения и т.д. | M. |
| Имя издателя, распространителя и т. д. | Mir |
| Дата издания, распространения и т.д. | 1982 |
| 215 ## - ФИЗИЧЕСКАЯ ХАРАКТЕРИСТИКА | |
| Специфическое обозначение материала и объем | 2 т. |
| Размеры | 22 см |
| 300 ## - ОБЩИЕ ПРИМЕЧАНИЯ | |
| Текст примечания | Доп. тит. л. на рус. яз. В вып. дан.: Физиология человека / Евгений Борисович Бабский и др. |
| 517 1# - ДРУГИЕ ВАРИАНТЫ ЗАГЛАВИЯ | |
| Вариант заглавия | Физиология человека |
| 606 0# - НАИМЕНОВАНИЕ ТЕМЫ КАК ПРЕДМЕТ | |
| Наименование темы | Физиология человека |
| Формальный подзаголовок | Руководства, пособия |
| Код системы | nlr_sh1 |
| 620 ## - МЕСТО И ДАТА ПУБЛИКАЦИИ, ИСПОЛНЕНИЯ И Т. Д. | |
| Страна | Москва |
| 686 ## - ИНДЕКСЫ ДРУГИХ КЛАССИФИКАЦИЙ | |
| Индекс | Е903я732Р-1 |
| Код системы | |
| 701 #1 - ИМЯ ЛИЦА - АЛЬТЕРНАТИВНАЯ ОТВЕТСТВЕННОСТЬ | |
| Системный номер авторитетной/нормативной записи | z01790 |
| Начальный элемент ввода | Babskij |
| Часть имени, кроме начального элемента ввода | E. B. |
| Даты | 1902- |
| Расширение инициалов личного имени | Evgenij Borisovič |
| 790 #1 - ИМЯ ЛИЦА - АЛЬТЕРНАТИВНАЯ ФОРМА | |
| Системный номер авторитетной/нормативной записи | z01701 |
| Начальный элемент ввода | Babsky |
| Часть имени, кроме начального элемента ввода | E. B. |
| Код отношения | Автор |
| 801 #1 - ИСТОЧНИК ЗАПИСИ | |
| Страна | Российская Федерация |
| Организация | InfoComm |
| Дата составления | 20121113 |
| 801 #0 - ИСТОЧНИК ЗАПИСИ | |
| Страна | Российская Федерация |
| Организация | NLR |
| Правила каталогизации | PSBO |
| 852 ## - МЕСТОНАХОЖДЕНИЕ И ШИФР ХРАНЕНИЯ | |
| Идентификатор организации | NLR |
| Шифр хранения (Call Number) | Аф01 Д-5/118 |
| 942 ## - ДОПОЛНИТЕЛЬНЫЕ ЭЛЕМЕНТЫ ЗАПИСИ (АБИС) | |
| Тип экземпляра АБИС | Книга |
Нет доступных экземпляров.